| 000 | 00584nam a22002177a 4500 | ||
|---|---|---|---|
| 003 | OSt | ||
| 005 | 20140310181929.0 | ||
| 008 | 130722t xxu||||| |||| 00| 0 eng d | ||
| 020 | _a0439222451 | ||
| 050 |
_aPE 1450 _b.An582 2002 |
||
| 082 |
_aTRE 808.042 _bAn4 2002 |
||
| 100 |
_aAngelillo, Janet _92592 |
||
| 245 |
_aA Fresh approach to teaching punctuation / _cJanet Angelillo. |
||
| 300 |
_a144 p. : _bill. ; _c24 cm. |
||
| 521 | _aFaculty | ||
| 541 | _j1 | ||
| 562 | _e1 | ||
| 650 | _2English language--Grammar. | ||
| 650 | _2Title. | ||
| 942 |
_2lcc _cBK-TR _kTRE |
||
| 999 |
_c7294 _d7294 |
||